00425 2200181 4500245004300000020002200043250001100065100001800076700001800094700000900112650002100121005001900142260002400161041001400185084001000199300002500209336000900234 aCerita Untuk KiranacDwi PratiwihText a978-979-069-210-7 acet. 1 a: Dwi Pratiwi aTri Wulandari aEorG aCerita Bergambar a20240926105543 aJakarta Timurb2016 aIndonesia a741.5 aiii,54 hlm, :c21 cm atext